00407 2200157 4500001002100000005001500021035002000036245004600056100001900102300002800121260004400149082000800193084001400201020002200215990001200237INLIS00000000000291320250911015409 a0010-09250002601 aAyo ! Merawat Indonesia /cYugha Erlangga0 aYugha Erlangga a116 hlm ;c15,5 x 23 cm aJakarta :bEsensi Erlangga Group,c2017 a300 a300 YUG a a978-602-6847-33-1 a0755324